| 000 | 01059cam a22003255i 4500 | ||
|---|---|---|---|
| 999 |
_c27120 _d27092 |
||
| 001 | 007358033 | ||
| 003 | OSt | ||
| 005 | 20201128024404.0 | ||
| 008 | 970415s2001 mauab frd 001 ||eng d | ||
| 015 |
_aGB9730182 _2bnb |
||
| 020 | _a0205294634 | ||
| 020 | _a9780205294633 | ||
| 040 |
_aDLC _cDLC _dUk _beng _dEG-ScBUE |
||
| 082 | 0 | 4 |
_a301 _222 _bBRY |
| 100 | 1 | _aBryjak, George J. | |
| 245 | 1 | 0 |
_aSociology : _bcultural diversity in a changing world / _cGeorge J. Bryjak, Michael P. Soroka. |
| 250 | _a4th ed. | ||
| 264 | 1 |
_aNeedham Heights, Massachusetts : _bAllyn and Bacon / A Pearson Education Company, _cc.2001. |
|
| 300 |
_axv, 400 pages : _bcol. illustrations, col. maps ; _c26cm. |
||
| 336 |
_atext _2rdacontent |
||
| 337 |
_aunmediated _2rdamedia |
||
| 338 |
_avolume _2rdacarrier |
||
| 500 | _aIncludes indexes. | ||
| 504 | _aBibliography : p. 364-384. | ||
| 650 | 7 |
_aSociology. _2BUEsh _9718 |
|
| 653 |
_bBUSBOL _cFebruary2019 |
||
| 700 | 1 |
_aSoroka, Michael P. _938577 |
|
| 942 |
_2ddc _cBB |
||